000 01300cam a2200325 4500
001 27522
003 BD-RjUL
005 20211209051151.0
008 140325t1969 nyuab b 100 0 eng d
035 _a(BD-RjUL)27596
040 _aDLC
_cDLC
_dBD-RjUL
_dDLC
_beng
041 _aeng
082 0 0 _a916.703
_bEAS 1969
245 0 0 _aEastern African history /
_cEdited by Daniel F. McCall, Norman R. Bennett [and] Jeffrey Butler.
260 _aNew York :
_bPraeger,
_cc1969
300 _aix, 245 p. :
_bill. ;
_c25 cm.
490 0 _aPraeger special studies in international politics and public affairs.
500 _a"Published for the African Studies Center of Boston University."
500 _a"The majority of these papers came from a series of Saturday seminars (which are scheduled four times during the academic year)"
504 _aIncludes bibliographical references.
651 0 _aAfrica, Eastern
_xHistory.
_984532
700 1 _aMcCall, Daniel F.,
_eed.
_984421
700 1 _aBennett, Norman R.
_q(Norman Robert),
_d1932-
_eed.
_984533
700 1 _aButler, Jeffrey,
_eed.
_984534
710 2 _aBoston University.
_bAfrican Studies Center.
_984535
942 _2ddc
_cBK
999 _c27522
_d27522